| 000 | 01115nac a22003490a 4500 | ||
|---|---|---|---|
| 001 | PT10169 | ||
| 003 | AR-LpoUNG | ||
| 005 | 20210201004939.0 | ||
| 008 | 201001s1997||||sp |||||||||||||||||spa d | ||
| 020 |
_a8420665991 _c$35.33 |
||
| 040 |
_aAR-LpoUNG _bspa _eaacr |
||
| 041 | _aspa | ||
| 044 | _asp | ||
| 082 | 0 | _a980.033 735v1 | |
| 100 | 1 |
_aLinz, Juan J. _ecomp. |
|
| 245 | 1 | 4 |
_aLas crisis del presidencialismo : _b1 perspectivas comparativas |
| 250 | _a1§ edición | ||
| 260 |
_aMadrid : _bAlianza, _c1997. |
||
| 300 |
_a255 p. : _bgráfs., tbls., fot. _a(2 _fVolúmenes) _3Impreso |
||
| 490 | 0 | _aLas crisis del presidencialismo | |
| 520 | _aEn este trabajo se subraya la necesidad de explicar el amplio contexto institucional y político que encuadra el proceso que lleva al colapso de la democracia. | ||
| 650 | 4 | _aASPECTOS POLITICOS | |
| 650 | 4 | _aDEMOCRACIA | |
| 650 | 4 | _aESTADO | |
| 650 | 4 | _aJEFES DE ESTADO | |
| 650 | 4 | _aPOLITICA | |
| 650 | 4 | _aSISTEMAS POLITICOS | |
| 700 | 1 |
_aTerán Troyano, Rocío de _etr. |
|
| 700 | 1 |
_aValenzuela, Arturo _ecomp. |
|
| 905 | _a10169 | ||
| 942 | _cLIB | ||
| 999 |
_c47976 _d47976 |
||